000 02285nam0a2200385 4500
001 RU\NLR\bibl\1659241
005 20260406043747.0
021 _aRU
_b2010-48978
_93252
021 _aRU
_b2012-99270
_97324
035 _a(nilc)RSL-KNO-004701532
035 _a(NLR Aleph) 001650535
090 _a918930
_c918930
100 _a20100707d2008 |||y0rusy50 ca
101 0 _arus
102 _aRU
105 _aa |||||||||
200 1 _aСовершенствование подготовки кадров высшего профессионального образования для сферы сервиса с учетом потребностей рынка труда
_eмонография
_f[А.А. Федулин, Т.Н. Ананьева, Н.М. Конопальцева и др.]
_gпод ред. А.А. Федулина, Т.Н. Ананьевой
_gФедер. агентство по образованию, Федер. гос. образоват. учреждение высш. проф. образования "Рос. гос. ун-т туризма и сервиса" (ФГОУВПО "РГУТиС")
210 _aМосква
_cРГУТИС
_d2008
215 _a186 с.
_cил.
_d20
300 _aАвт. указаны на обороте тит. л.
320 _aБиблиогр.: с. 158-172 (155 назв.) и в подстроч. прим.
606 1 _aВысшее образование в области сферы услуг
_92495147
_3RU\NLR\auth\661480217
610 0 _aЭкономика -- Российская Федерация -- Непроизводственная сфера -- Высшее образование -- Содержание и методика преподавания
686 _aУ9(2)0-968р(2)3-3,0
_2rubbk
686 _aЧ489.3
701 1 _aФедулин
_bА. А.
_gАлександр Алексеевич
_4070
701 1 _aАнаньева
_bТ. Н.
_gТатьяна Николаевна
_4070
701 1 _4070
_8rus
_7ca
_aКонопальцева
_bН. М.
_gНадежда Михайловна
_3RU\NLR\auth\773755
_9113747
801 0 _aRU
_bРГБ
_c20100707
_grcr
801 1 _aRU
_bРГБ
_c20100707
801 2 _aRU
_bNLR
_c20100729
_grcr
830 _aавт. по ЭК
942 _cBOOK
980 _aNB